Some confidence returning (Record no. 80217)
[ view plain ]
| 000 -LEADER | |
|---|---|
| fixed length control field | 00914cab a22001935a 4500 |
| 001 - CONTROL NUMBER | |
| control field | L142992 |
| 008 - FIXED-LENGTH DATA ELEMENTS--GENERAL INFORMATION | |
| fixed length control field | 080117s2008 xxkad f s 000 0 eng d |
| 035 ## - SYSTEM CONTROL NUMBER | |
| System control number | (Sirsi) u143561 |
| 041 0# - LANGUAGE CODE | |
| Language code of text/sound track or separate title | eng |
| 100 1# - MAIN ENTRY--PERSONAL NAME | |
| Personal name | Moir, Duncan |
| 245 00 - TITLE STATEMENT | |
| Title | Some confidence returning |
| 260 ## - PUBLICATION, DISTRIBUTION, ETC. | |
| Date of publication, distribution, etc. | 2008 |
| 490 #0 - SERIES STATEMENT | |
| Series statement | Property Forecast |
| Volume/sequential designation | 11(2) February 2008, 10-11(2) |
| 520 ## - SUMMARY, ETC. | |
| Summary, etc. | Assesses the current state of the commercial auction market. Traces the recent history of the market. Suggests that confidence is returning to the market, although at lower levels than previously. Discusses the reasons for the rise in property values over the past five years. Finds there has been a significant fall in transaction volumes and that retail investors withdrew cash from their UK investment market funds. |
| 590 ## - LOCAL NOTE (RLIN) | |
| Local note | KA |
| 651 #4 - SUBJECT ADDED ENTRY--GEOGRAPHIC NAME | |
| Geographic name | United Kingdom |
| Chronological subdivision | |
| 690 ## - LOCAL SUBJECT ADDED ENTRY--TOPICAL TERM (OCLC, RLIN) | |
| Topical term or geographic name as entry element | PROPERTY-COMMERCIAL PROPERTY-COMMERCIAL PROPERTY MARKET |
| 942 ## - ADDED ENTRY ELEMENTS (KOHA) | |
| Suppress in OPAC | 0 |
| Withdrawn status | Lost status | Source of classification or shelving scheme | Damaged status | Not for loan | Home library | Current library | Shelving location | Date acquired | Total Checkouts | Full call number | Barcode | Date last seen | Copy number | Price effective from | Koha item type |
|---|---|---|---|---|---|---|---|---|---|---|---|---|---|---|---|
| Dewey Decimal Classification | London | London | Journal article | 19/05/2008 | L143561 | 143561-1001 | 06/08/2019 | 1 | 06/08/2019 | Archive |